| 000 | 00743nam a22002413 4500 | ||
|---|---|---|---|
| 001 | 26655 | ||
| 003 | BD-RjUL | ||
| 005 | 20211209051040.0 | ||
| 008 | 140323r19311921enk 000 0 | ||
| 035 | _a(BD-RjUL)26725 | ||
| 040 |
_aBD-RjUL _beng _cBD-RjUL _dBD-RjUL |
||
| 041 | _aeng | ||
| 082 |
_a871 _bLUL 1931 |
||
| 100 | 1 |
_aLucretius Carus, Titus _lEngl. _981920 |
|
| 245 | 1 | 0 |
_a Lucretius Carus : _bOf the nature of things, a metrical / _ctr. by W.E. Leonard |
| 260 |
_aLondon : _bJ.M. Dent and sons _c1921 [reprinted 1931] |
||
| 300 |
_axvi,301 p. ; _c20cm. |
||
| 490 | _vBook 1 | ||
| 690 | 0 | 0 |
_aLatin poetry _xWorks _yAncient _2pre20 _961 |
| 700 | 1 |
_aLeonard, William Ellery C. _etransl. _981921 |
|
| 752 |
_aEngland _dLondon |
||
| 942 |
_2ddc _cBK |
||
| 999 |
_c26655 _d26655 |
||